01626nam a2200433 i 450000100060000000300090000600500170001500800390003201500180007102000150008903500210010404000280012504100080015304600090016108000100017008000120018008000120019224502260020426000270043030000690045733600270052633700540055333800280060738000160063538000270065138500390067838800140071738800140073150000720074550400280081765800310084565800300087665500300090665000270093665000180096370000410098171000720102285600980109435740KOSZ 00520200604082016.0990415s1998 pl a f f |000 0 pol aPB 1999/20107 a8372420033 a(OCoLC)749311660 aWA NcWA NdKOSZ 005/HR0 apol k1998 a556.3 a624.131 a(075.8)00aGeologia inżynierska i hydrogeologia.nCz. 3,pPrzewodnik do ćwiczeń laboratoryjnych : praca zbiorowa /cpod red. Marii Plewy ; [zespół aut. Maria Plewa et al.] ; Politechnika Krakowska im. Tadeusza Kościuszki. aKraków :bPK,c1998. a204, [3] s., [1] k. tabl. :b2 fot., mapy, rys., wykr. ;c24 cm. 2rdacontentaTekstbtxt 2rdamediaaBez urządzenia pośredniczącegobn 2rdacarrieraWoluminbnc aKsiążki aPublikacje dydaktyczne mPoziom nauczaniaaSzkoły wyższe a1901-2000 a1989-2000 aAut. cz. 2: Mieczysław Wacławski. - Na s. 4 okł. błędny ISBN. aBibliogr. s. 204-[205]. aArchitektura i budownictwo aGeografia i nauki o Ziemi 4aPodręczniki akademickie 4aGeologia inżynierska 4aHydrogeologia1 aPlewa, Mariad(1930?-2012)eRedakcja2 aPolitechnika Krakowska im. Tadeusza KościuszkibWydawnictwo4pbl. uhttp://koha.tu.koszalin.pl/cgi-bin/koha/opac-detail.pl?biblionumber=35740yKatalog online BPK